000 00426nam a2200181Ia 4500
008 170705s9999 xx 000 0 und d
020 _a9780516277363
245 _aWill Smith /
245 _cby Kristin McCracken.
260 _aNew York :
260 _bScholastic,
260 _c2000
300 _a48 pages :
300 _bcolor illustration ;
300 _c21cm.
440 _aHigh interest books.
500 _a820
999 _c337362
_d337362